|
|
|
|
| LEADER |
00000nam0a2200000 4500 |
| 001 |
276124 |
| 005 |
20231101234905.0 |
| 035 |
|
|
|a (RuTPU)RU\TPU\book\299382
|
| 090 |
|
|
|a 276124
|
| 100 |
|
|
|a 20141119d1985 k y0rusy5003 ca
|
| 101 |
0 |
|
|a rus
|
| 102 |
|
|
|a BY
|
| 105 |
|
|
|a a z 001zy
|
| 200 |
1 |
|
|a ДИФОР-С - пакет интерактивной машинной графики для АРМ-М на основе международного стандарта. Материалы по математическому обеспечению ЭВМ
|f Академия наук Белорусской ССР (АН БССР), Институт технической кибернетики (ИТК) ; В. И. Берейшика
|
| 210 |
|
|
|a Минск
|c Изд-во ИТК
|d 1985
|
| 215 |
|
|
|a 142 с.
|c ил.
|
| 320 |
|
|
|a Библиогр.: с. 129
|
| 606 |
1 |
|
|a Программирование
|2 stltpush
|3 (RuTPU)RU\TPU\subj\51780
|9 70345
|
| 606 |
1 |
|
|a Машинная графика
|x Программное обеспечение
|2 stltpush
|3 (RuTPU)RU\TPU\subj\41401
|9 61194
|
| 610 |
1 |
|
|a цифровые вычислительные машины
|
| 610 |
1 |
|
|a рабочее место
|
| 610 |
1 |
|
|a Дифор-С
|
| 610 |
1 |
|
|a пакеты программ
|
| 610 |
1 |
|
|a графические системы
|
| 610 |
1 |
|
|a международные стандарты
|
| 610 |
1 |
|
|a графическая информация
|
| 610 |
1 |
|
|a программы
|
| 610 |
1 |
|
|a ввод-вывод
|
| 675 |
|
|
|a 681.3.06
|z rus
|v 3
|
| 675 |
|
|
|a 681.327.1
|z rus
|v 3
|
| 702 |
|
1 |
|a Берейшик
|b В. И.
|4 070
|
| 712 |
0 |
2 |
|a Академия наук Белорусской ССР (АН БССР)
|b Институт технической кибернетики (ИТК)
|c (Минск)
|2 stltpush
|3 (RuTPU)RU\TPU\col\443
|
| 801 |
|
0 |
|a RU
|b RuMRKP
|c 19950704
|g psbo
|
| 801 |
|
1 |
|a RU
|b 63413507
|c 20141119
|
| 801 |
|
2 |
|a RU
|b 63413507
|c 20170131
|g RCR
|
| 942 |
|
|
|c BK
|